书目信息 |
| 题名: |
建筑类专业英语 暖通与燃气 第二册
|
|
| 作者: | 向阳 主编 | |
| 分册: | ||
| 出版信息: | 北京 中国建筑工业出版社 1997.05 |
|
| 页数: | 189页 | |
| 开本: | 16开 | |
| 丛书名: | ||
| 单 册: | ||
| 中图分类: | H319.4:TU , H319.4:TU8 | |
| 科图分类: | ||
| 主题词: | 英语 | |
| 电子资源: | ||
| ISBN: | 7-112-03036-6 | |
| 000 | 00604nam0 2200193 45 | |
| 001 | 0012031571 | |
| 005 | 20181214081640.85 | |
| 010 | @a7-112-03036-6@d12.80元 | |
| 100 | @a20001203d1997 km y0chiy0120 ea | |
| 101 | 0 | @achi |
| 200 | 1 | @a建筑类专业英语 暖通与燃气 第二册@AJian Zhu Lei Zhuan Ye Ying Yu Nuan Tong Yu Ran Qi DiEr Ce@f向阳主编@FXiang Yang Zhu Bian |
| 210 | @a北京@c中国建筑工业出版社@d1997.05 | |
| 215 | @a189页@d16开 | |
| 606 | 0 | @a英语 |
| 690 | @aH319.4:TU@v3 | |
| 690 | @aH319.4:TU8@v4 | |
| 701 | 0 | @a向阳@4主编 |
| 801 | @aCN@bPftUser@c20001203 | |
| 905 | @dH319.4:TU8@eX811:2@b320270-279@f10 | |
| 建筑类专业英语 暖通与燃气 第二册/向阳主编.-北京:中国建筑工业出版社,1997.05 |
| 189页;16开 |
| ISBN 7-112-03036-6:12.80元 |
| ● |
| 相关链接 |
|
|
|
正题名:建筑类专业英语 暖通与燃气 第二册
索取号:H319.4:TU8/X811:2
 
预约/预借
| 序号 | 登录号 | 条形码 | 馆藏地/架位号 | 状态 | 备注 |
| 1 | 1282386 | 212823863 | 语言库209/209语言库 27排1列4层/ [索取号:H319.4:TU8/X811:2] | 在馆 | |
| 2 | 320270 | 203202701 | 语言库209/400B社科库 7排2列1层/ [索取号:H319.4:TU8/X811:2] | 在馆 | |
| 3 | 320271 | 203202710 | 语言库209/400B社科库 7排2列1层/ [索取号:H319.4:TU8/X811:2] | 在馆 | |
| 4 | 320272 | 203202729 | 社科二线400B/400B社科库 6排2列1层/ [索取号:H319.4:TU8/X811:2] | 在馆 | |
| 5 | 320273 | 203202738 | 社科二线400B/400B社科库 6排2列1层/ [索取号:H319.4:TU8/X811:2] | 在馆 | |
| 6 | 320274 | 203202747 | 语言库209/400B社科库 7排2列1层/ [索取号:H319.4:TU8/X811:2] | 在馆 | |
| 7 | 320275 | 203202756 | 社科二线400B/400B社科库 6排3列1层/ [索取号:H319.4:TU8/X811:2] | 在馆 | |
| 8 | 320276 | 203202765 | 语言库209/400B社科库 8排3列1层/ [索取号:H319.4:TU8/X811:2] | 在馆 | |
| 9 | 320277 | 203202774 | 社科二线400B/400B社科库 6排2列1层/ [索取号:H319.4:TU8/X811:2] | 在馆 | |
| 10 | 320278 | 203202783 | 语言库209/400B社科库 8排3列1层/ [索取号:H319.4:TU8/X811:2] | 在馆 | |
| 11 | 320279 | 203202792 | 语言库209/400B社科库 7排2列1层/ [索取号:H319.4:TU8/X811:2] | 在馆 |